|
|
|
|
| LEADER |
01793nam a22004334a 4500 |
| 001 |
EBC178874 |
| 003 |
MiAaPQ |
| 005 |
20200520144314.0 |
| 006 |
m o d | |
| 007 |
cr cn||||||||| |
| 008 |
011129s2002 enk sb 001 0 eng |
| 010 |
|
|
|z 2001058590
|
| 020 |
|
|
|z 0415281849 (hardbound)
|
| 035 |
|
|
|a (MiAaPQ)EBC178874
|
| 035 |
|
|
|a (Au-PeEL)EBL178874
|
| 035 |
|
|
|a (CaPaEBR)ebr10165109
|
| 035 |
|
|
|a (CaONFJC)MIL4872
|
| 035 |
|
|
|a (OCoLC)437250702
|
| 040 |
|
|
|a MiAaPQ
|c MiAaPQ
|d MiAaPQ
|
| 043 |
|
|
|a n-us---
|
| 050 |
|
4 |
|a HF1455
|b .D63 2002
|
| 082 |
0 |
4 |
|a 337.73
|2 21
|
| 100 |
1 |
|
|a Dobson, Alan P.
|
| 245 |
1 |
0 |
|a US economic statecraft for survival, 1933-1991
|h [electronic resource] :
|b of sanctions, embargoes, and economic warfare /
|c Alan P. Dobson.
|
| 246 |
3 |
|
|a United States economic statecraft for survival, 1933-1991
|
| 260 |
|
|
|a London ;
|a New York :
|b Routledge,
|c 2002.
|
| 300 |
|
|
|a viii, 376 p.
|
| 490 |
1 |
|
|a Routledge advances in international relations and politics ;
|v 18
|
| 504 |
|
|
|a Includes bibliographical references (p [355]-364) and index.
|
| 533 |
|
|
|a Electronic reproduction. Ann Arbor, MI : ProQuest, 2015. Available via World Wide Web. Access may be limited to ProQuest affiliated libraries.
|
| 650 |
|
0 |
|a Economic sanctions, American
|x History
|y 20th century.
|
| 650 |
|
0 |
|a Embargo
|x History
|y 20th century.
|
| 650 |
|
0 |
|a Foreign trade regulation
|z United States.
|
| 651 |
|
0 |
|a United States
|x Commercial policy
|x History
|y 20th century.
|
| 651 |
|
0 |
|a United States
|x Foreign economic relations.
|
| 655 |
|
4 |
|a Electronic books.
|
| 710 |
2 |
|
|a ProQuest (Firm)
|
| 830 |
|
0 |
|a Routledge advances in international relations and politics ;
|v 18.
|
| 856 |
4 |
0 |
|u https://ebookcentral.proquest.com/lib/matrademy/detail.action?docID=178874
|z Click to View
|